|
|
|
|
| LEADER |
00000naa2a2200000 4500 |
| 001 |
397331 |
| 005 |
20231101064855.0 |
| 035 |
|
|
|a (RuTPU)RU\TPU\prd\36174
|
| 090 |
|
|
|a 397331
|
| 100 |
|
|
|a 20050526a2004 k y0rusy50 ca
|
| 101 |
0 |
|
|a rus
|
| 102 |
|
|
|a RU
|
| 200 |
1 |
|
|a Поверхностное упрочнение замковой резьбы методом карбонитрации
|f В. И. Семин
|
| 225 |
1 |
|
|a Нефтепромысловое оборудовние
|
| 320 |
|
|
|a Библиогр.: 9 назв.
|
| 461 |
|
0 |
|0 (RuTPU)RU\TPU\prd\1638
|x 0028-2448
|t Нефтяное хозяйство
|o научно-технический производственный журнал
|d 1925-1940, 1946-
|
| 463 |
|
0 |
|0 (RuTPU)RU\TPU\prd\32215
|t № 12
|v С. 104-106
|d 2004
|
| 610 |
1 |
|
|a карбонитрация
|
| 610 |
1 |
|
|a замковая резьба
|
| 610 |
1 |
|
|a поверхностное упрочнение
|
| 610 |
1 |
|
|a нефтепромысловые бурильные трубы
|
| 610 |
1 |
|
|a повышение ресурса
|
| 610 |
1 |
|
|a нефтепромысловое оборудование
|
| 610 |
1 |
|
|a бурильные трубы
|
| 610 |
1 |
|
|a многократное свинчивание
|
| 610 |
1 |
|
|a соли калия
|
| 610 |
1 |
|
|a машины
|
| 610 |
1 |
|
|a поверхности деталей
|
| 610 |
1 |
|
|a насыщение
|
| 610 |
1 |
|
|a азот
|
| 610 |
1 |
|
|a углерод
|
| 610 |
1 |
|
|a расплавы
|
| 675 |
|
|
|a 620.197.7
|v 3
|
| 700 |
|
1 |
|a Семин
|b В. И.
|
| 801 |
|
1 |
|a RU
|b 63413507
|c 20050526
|g PSBO
|
| 801 |
|
2 |
|a RU
|b 63413507
|c 20131028
|g RCR
|
| 942 |
|
|
|c BK
|